000 00623nam a2200241Ia 4500
003 OSt
005 20221005073545.0
006 a|||||r|||| 00| 0
007 ta
008 221004b |||||||| |||| 00| 0 eng d
024 _a67900
037 _cTextual
040 _aCRL
_cCRL
_beng
041 _2eng
_aeng
082 _aX9w, M4
100 _aGoyal S K Ed.
245 0 _aPublic enterprises
260 _aNew Delhi
_bIndian Institute of Public Administration India
_c1984
300 _axvii,358p
_ccm.
650 _aECONOMICS
942 _hX9w, M4
_cTEXL
_2cc
999 _c981316
_d981316